000
00249nam a2200097Ia 4500
001
735455
005
20250826163853.0
008
250824s9999 xx 000 0 und d
245
0
_a
ÖĞRETMEN NEDEN ÇILDIRDI
_c
MAVİSEL YENER
260
_b
TUDEM YAYINLARI
999
_c
735455
_d
735455